[Event "DRUZYNOWE MISTRZOSTWA POLSKI JUNIOROW - II LIGA"]
[Site "Szczyrk, CKiR Orle Gniazdo ul. Wrzosowa 28a"]
[Date "2014-07-30"]
[Round "8.24"]
[White "Tomczak, Marta"]
[Black "Czarniecka, Aleksandra"]
[Result "1-0"]
[WhiteTitle "II"]
[BlackTitle "I"]
[WhiteElo "1293"]
[BlackElo "1260"]

1. e4 c5 2. Nf3 d6 3. c3 Nf6 4. Qc2 Nc6 5. d4 cxd4 6. cxd4 e6 7. Be2 Be7 8. O-O
O-O 9. Nc3 a6 10. Rd1 Qc7 11. a3 b5 12. b4 Bb7 13. Bb2 Rac8 14. Qd2 Rfd8 15. Rac1
Qd7 16. h3 d5 17. e5 Ne4 18. Nxe4 dxe4 19. Ne1 Nxe5 20. Rxc8 Bxc8 21. Qf4 Qc7
22. Qxe5 Bd6 23. Qxe4 Bb7 24. Qc2 Qe7 25. Bf3 Bc8 26. Qe4 Rf8 27. Rc1 f5 28. Qe2
Bd7 29. Nd3 g5 30. d5 g4 31. hxg4 Qh4 32. Be5 Bxe5 33. Nxe5 Qg5 34. Rd1 fxg4 35.
Bxg4 Rf4 36. dxe6 Be8 37. g3 Rf6 38. Kg2 h5 39. Bh3 h4 40. Qg4 Qxg4 41. Bxg4 hxg3
42. fxg3 Kf8 43. Rd6 Ke7 44. Nf7 Rg6 45. Bh3 Bxf7 46. Rd7+ Ke8 47. Rxf7 a5 48.
bxa5 b4 49. axb4 Rh6 50. a6 1-0

[Event "DRUZYNOWE MISTRZOSTWA POLSKI JUNIOROW - II LIGA"]
[Site "Szczyrk, CKiR Orle Gniazdo ul. Wrzosowa 28a"]
[Date "2014-07-30"]
[Round "8.26"]
[White "Beczala, Pawel"]
[Black "Klimek, Piotr"]
[Result "1/2-1/2"]
[WhiteTitle "II+"]
[BlackTitle "I"]
[WhiteElo "1711"]
[BlackElo "1839"]

1. e4 c5 2. Nc3 a6 3. f4 b5 4. Nf3 Bb7 5. d3 e6 6. g3 b4 7. Ne2 d5 8. e5 h5 9.
h3 Nh6 10. Bg2 Be7 11. Be3 Nf5 12. Qd2 Nc6 13. Bf2 g6 14. O-O a5 15. a3 a4 16.
Rfc1 Qa5 17. Kh2 Ba6 18. Neg1 Rb8 19. b3 Bb5 20. Bf1 d4 21. Rcb1 axb3 22. axb4
Qxb4 23. Rxb3 Qxd2 24. Nxd2 Nb4 25. c3 dxc3 26. Rxc3 O-O 27. Ne4 Rfc8 28. Nf3
Nd5 29. Rcc1 Nfe3 30. Be2 c4 31. dxc4 Bxc4 32. Bxc4 Rxc4 33. Bxe3 Nxe3 34. Rxc4
Nxc4 35. Ra2 Rb2+ 36. Rxb2 Nxb2 37. Kg2 Nd3 38. Nd4 h4 39. g4 Nxf4+ 40. Kh2 Nd3
41. Nf3 Bd8 42. Kg2 Bc7 43. Nxh4 Bxe5 44. Kf3 Nf4 45. Nf2 g5 46. Ng2 Nxg2 47.
Kxg2 Kg7 48. Kf3 f5 49. gxf5 exf5 50. Nd3 Bd6 51. Nc1 Kg6 52. Ne2 Be5 53. Nc1
Kh5 54. Nd3 Bd6 55. Kg2 Kh4 56. Ne1 Kh5 57. Kf3 Kg6 58. Nc2 Bc5 59. Ne1 g4+ 1/2-1/2

[Event "DRUZYNOWE MISTRZOSTWA POLSKI JUNIOROW - II LIGA"]
[Site "Szczyrk, CKiR Orle Gniazdo ul. Wrzosowa 28a"]
[Date "2014-07-30"]
[Round "8.27"]
[White "Raclawicki, Kacper"]
[Black "Walter, Szymon"]
[Result "1-0"]
[WhiteTitle "I"]
[BlackTitle "I++"]
[WhiteElo "1540"]
[BlackElo "2022"]

1. e4 c5 2. Nf3 g6 3. d4 cxd4 4. Nxd4 Nc6 5. Nxc6 bxc6 6. Bd3 Bg7 7. O-O d6 8.
c4 Nf6 9. Nc3 O-O 10. Qe2 Nd7 11. Be3 Ne5 12. f3 Nxd3 13. Qxd3 Qa5 14. Bd4 Be6
15. Bxg7 Kxg7 16. b3 Rfd8 17. Rfd1 Rab8 18. Rab1 f6 19. Kh1 Bf7 20. Rd2 Rd7 21.
Rbd1 Rbd8 22. Qe3 Qc7 23. Rd3 Qb7 24. Qd2 e6 25. e5 f5 26. Rxd6 Rxd6 27. exd6
c5 28. Qe3 Qc6 29. Qe5+ Kg8 30. Na4 1-0

[Event "DRUZYNOWE MISTRZOSTWA POLSKI JUNIOROW - II LIGA"]
[Site "Szczyrk, CKiR Orle Gniazdo ul. Wrzosowa 28a"]
[Date "2014-07-30"]
[Round "8.29"]
[White "Kopica, Paulina"]
[Black "Binkowska, Agata"]
[Result "1-0"]
[WhiteTitle "I"]
[BlackTitle "I"]
[WhiteElo "1697"]
[BlackElo "1602"]

1. e4 c5 2. Nf3 a6 3. c3 d5 4. e5 Bg4 5. d4 e6 6. Be2 Nc6 7. Nbd2 cxd4 8. Nxd4
Bxe2 9. Qxe2 Nge7 10. Nxc6 bxc6 11. O-O Ng6 12. Nb3 c5 13. f4 Be7 14. Kh1 O-O
15. g4 Qc7 16. Bd2 a5 17. Be1 a4 18. Nc1 c4 19. Bg3 Bh4 20. Bxh4 Nxh4 21. f5 Qb7
22. Qf2 d4+ 23. Kg1 d3 24. Qxh4 Qxb2 25. f6 Qxa1 26. Qg5 1-0

[Event "DRUZYNOWE MISTRZOSTWA POLSKI JUNIOROW - II LIGA"]
[Site "Szczyrk, CKiR Orle Gniazdo ul. Wrzosowa 28a"]
[Date "2014-07-30"]
[Round "8.30"]
[White "Buchta, Agnieszka"]
[Black "Trusz, Julia"]
[Result "1-0"]
[WhiteTitle "II+"]
[BlackTitle "I"]
[WhiteElo "1371"]
[BlackElo "1508"]

1. e4 c5 2. c3 g6 3. d4 cxd4 4. cxd4 d5 5. e5 Bg7 6. Nc3 Nh6 7. h3 O-O 8. f4 Nc6
9. Be3 Nf5 10. Bf2 e6 11. Nf3 Qb6 12. Qd2 Bd7 13. Be2 Rac8 14. O-O a6 15. Na4
Qb4 16. Qxb4 Nxb4 17. Nc5 Rc7 18. a3 Nc6 19. b4 Rd8 20. g4 Nfe7 21. Rab1 Na7 22.
a4 Bf8 23. Ne1 Nec8 24. Bh4 Be7 25. Bxe7 Nxe7 26. Nf3 h6 27. b5 axb5 28. axb5
b6 29. Nxd7 Rdxd7 30. Rfc1 Kg7 31. Kf2 Nec8 32. Ke3 Kf8 33. Kd2 Ne7 34. Bd3 Kg7
35. Nh4 Nec8 36. f5 g5 37. f6+ Kf8 38. Nf3 Ke8 39. h4 gxh4 40. Rh1 Rd8 41. Rxh4
Kd7 42. Rxh6 Rg8 43. g5 Ke8 44. Rbh1 Rd7 45. Rh8 Kf8 46. Rxg8+ Kxg8 47. Rh7 Rd8
48. g6 fxg6 49. Bxg6 Nxb5 50. f7+ Kf8 51. Rh8+ 1-0

[Event "DRUZYNOWE MISTRZOSTWA POLSKI JUNIOROW - II LIGA"]
[Site "Szczyrk, CKiR Orle Gniazdo ul. Wrzosowa 28a"]
[Date "2014-07-30"]
[Round "8.31"]
[White "Lizak, Jakub"]
[Black "Kyc, Jerzy"]
[Result "1-0"]
[WhiteTitle "I++"]
[BlackTitle "I++"]
[WhiteElo "1980"]
[BlackElo "2096"]

1. e4 c5 2. Nf3 d6 3. d4 cxd4 4. Nxd4 Nf6 5. Nc3 a6 6. Be3 e5 7. Nf3 Be7 8. Bc4
O-O 9. O-O Be6 10. Bxe6 fxe6 11. Na4 Ng4 12. Qd3 Nxe3 13. Qxe3 b5 14. Nb6 Ra7
15. Nd5 Nc6 16. Nb4 Rc7 17. Nxa6 Rb7 18. Qc3 Qb6 19. Nb4 Nxb4 20. Qxb4 d5 21.
Qe1 Rf4 22. exd5 e4 23. Qe3 Qd6 24. Nd4 exd5 25. c3 Rf8 26. a3 h6 27. Qe2 Qd7
28. Rad1 Bf6 29. Nc2 Rd8 30. Ne3 Qc6 31. Rd2 d4 32. cxd4 Rxd4 33. Ng4 Rxd2 34.
Nxf6+ Qxf6 35. Qxd2 Qe5 36. Rd1 Rc7 37. h3 Rf7 38. Qd4 Qf5 39. Re1 Re7 40. Qd8+
Kf7 41. Rd1 e3 42. fxe3 Qc2 43. Qd5+ Re6 44. Rf1+ Ke7 45. Qb7+ Kd6 46. Qxb5 Rg6
47. Qb4+ Ke6 48. Rf2 Qc1+ 49. Kh2 Qxe3 50. Qf4 Qd3 51. Rf3 Qc2 52. Re3+ Kd7 53.
Qf7+ Kd6 54. Qe7+ Kd5 55. Qe5+ Kc6 56. Rc3+ 1-0

[Event "DRUZYNOWE MISTRZOSTWA POLSKI JUNIOROW - II LIGA"]
[Site "Szczyrk, CKiR Orle Gniazdo ul. Wrzosowa 28a"]
[Date "2014-07-30"]
[Round "8.33"]
[White "Tustanowski, Mateusz"]
[Black "Urbanski, Wojciech"]
[Result "1-0"]
[WhiteTitle "I"]
[BlackTitle "II"]
[WhiteElo "1760"]
[BlackElo "1512"]

1. e4 c5 2. Nc3 e6 3. f4 d5 4. d3 Nc6 5. g3 dxe4 6. Nxe4 f5 7. Ng5 h6 8. Qh5+ Kd7
9. Be3 Nf6 10. Qf7+ Qe7 11. Bxc5 Qxf7 12. Nxf7 Rg8 13. Bxf8 Rxf8 14. Ne5+ Nxe5
15. fxe5 Nd5 16. Ne2 Ne3 17. Kd2 Nxf1+ 18. Rhxf1 g5 19. h4 g4 20. c4 b6 21. d4
Ba6 22. b3 b5 23. Rfc1 Rac8 24. Kd3 Rc7 25. Rc2 Rfc8 26. Rac1 Bb7 27. Kd2 Be4
28. Rc3 bxc4 29. Rxc4 Rxc4 30. Rxc4 Rxc4 31. bxc4 Bb7 32. Nf4 Be4 33. Kc3 a5 34.
d5 exd5 35. cxd5 Bf3 36. Kc4 Bd1 37. Kc5 Ba4 38. Kb6 Bc2 39. Kxa5 Bb1 40. a4 Ba2
41. Kb6 Bxd5 42. Nxd5 Ke6 43. Nf4+ 1-0

[Event "DRUZYNOWE MISTRZOSTWA POLSKI JUNIOROW - II LIGA"]
[Site "Szczyrk, CKiR Orle Gniazdo ul. Wrzosowa 28a"]
[Date "2014-07-30"]
[Round "8.34"]
[White "Warchol, Bartosz"]
[Black "Kukula, Karol"]
[Result "1-0"]
[WhiteTitle "II"]
[BlackTitle "II"]
[WhiteElo "1510"]
[BlackElo "1299"]

1. d4 Nf6 2. c4 e6 3. Nf3 Be7 4. g3 O-O 5. Bg2 d5 6. O-O b6 7. Nc3 Bb7 8. Ne5 Nbd7
9. Bf4 Nxe5 10. Bxe5 Bd6 11. Bxf6 Qxf6 12. cxd5 exd5 13. Bxd5 Bxd5 14. Nxd5 Qe6
15. Nc3 Rfe8 16. Re1 Rad8 17. Qa4 a5 18. Rad1 Bb4 19. e4 Qg4 20. Qc6 Qd7 21. Qxd7
Rxd7 22. a3 Bxc3 23. bxc3 Rde7 24. e5 Re6 25. c4 Rc6 26. Rc1 Rce6 27. f4 g6 28.
Red1 Rd8 29. d5 Re7 30. c5 Red7 31. d6 cxd6 32. cxd6 f6 33. Rb1 fxe5 34. fxe5
Re8 35. Rd5 Rb7 36. e6 Rxe6 37. d7 1-0

[Event "DRUZYNOWE MISTRZOSTWA POLSKI JUNIOROW - II LIGA"]
[Site "Szczyrk, CKiR Orle Gniazdo ul. Wrzosowa 28a"]
[Date "2014-07-30"]
[Round "8.35"]
[White "Wojcik, Jagoda"]
[Black "Gaudyn, Renata"]
[Result "1-0"]
[WhiteTitle "I"]
[BlackTitle "I"]
[WhiteElo "1379"]
[BlackElo "1597"]

1. e4 c5 2. Nf3 a6 3. c3 e6 4. d4 d5 5. Nbd2 cxd4 6. cxd4 dxe4 7. Nxe4 Nd7 8. Bd3
Ngf6 9. O-O Be7 10. Qc2 Nd5 11. Bd2 h6 12. Rac1 b5 13. Qc6 Rb8 14. Nd6+ Bxd6 15.
Qxd6 Bb7 16. Rfe1 Nf8 17. Qg3 Nf6 18. Ne5 g5 19. Bf5 Nh5 20. Qa3 Ng7 21. Bg4 h5
22. Be2 Nf5 23. d5 Nd4 24. dxe6 Nxe2+ 25. Rxe2 Nxe6 26. Rce1 Qd5 27. f3 Rc8 28.
Nxf7 Kxf7 29. Rxe6 Qxe6 30. Rxe6 Kxe6 31. Qe3+ Kf7 32. Qxg5 Ke6 33. Qg6+ Kd7 34.
Qf7+ Kc6 35. Qe6+ Kc5 36. b4+ Kd4 37. Qe3+ Kc4 38. Qe2+ Kd4 39. Be3+ Kd5 40. Qd3+
Ke6 41. Qg6+ Ke5 42. f4+ Kd5 43. Qf5+ Kc4 44. Qc2+ Kd5 45. Qd3+ Ke6 46. f5+ Ke7
47. Bg5+ Kf8 48. Qd7 Re8 49. Qxb7 Kg8 50. Qd5+ Kf8 51. Qd7 Re4 52. Qd8+ Kg7 53.
Qf6+ Kg8 54. Bh6 Rg4 55. Qe6+ Kh7 56. f6 Kxh6 57. f7+ Rg6 58. Qe7 Rh7 1-0

[Event "DRUZYNOWE MISTRZOSTWA POLSKI JUNIOROW - II LIGA"]
[Site "Szczyrk, CKiR Orle Gniazdo ul. Wrzosowa 28a"]
[Date "2014-07-30"]
[Round "8.36"]
[White "Waszczuk, Patrycja"]
[Black "Kawecka, Malgorzata"]
[Result "1-0"]
[WhiteTitle "I"]
[BlackTitle "II+"]
[WhiteElo "1519"]
[BlackElo "1235"]

1. e4 c5 2. Nf3 Nc6 3. d4 cxd4 4. Nxd4 g6 5. Nc3 Bg7 6. Be3 Nf6 7. Nxc6 bxc6 8.
e5 Nd5 9. Nxd5 cxd5 10. Qxd5 Rb8 11. O-O-O Bb7 12. Qd4 Qc7 13. Bf4 Bc6 14. Bc4
Qb7 15. f3 d6 16. Rhe1 O-O 17. Qc3 a5 18. Qb3 Qa7 19. Qa3 Rb4 20. Qd3 d5 21. Bxd5
Bxd5 22. Be3 Qc7 23. Qxd5 Bxe5 24. Bd4 Bxd4 25. Rxd4 e6 26. Qd6 Qa7 27. Ree4 Rfb8
28. b3 R4b6 29. Qe5 Rc6 30. Re2 Rbc8 31. Red2 Rc5 32. Rd8+ Rxd8 33. Rxd8# 1-0

[Event "DRUZYNOWE MISTRZOSTWA POLSKI JUNIOROW - II LIGA"]
[Site "Szczyrk, CKiR Orle Gniazdo ul. Wrzosowa 28a"]
[Date "2014-07-30"]
[Round "8.37"]
[White "Snihur, Piotr"]
[Black "Banach, Szymon"]
[Result "1/2-1/2"]
[WhiteTitle "k"]
[BlackTitle "I+"]
[WhiteElo "2147"]
[BlackElo "1891"]

1. e4 c5 2. Nf3 g6 3. d4 cxd4 4. Nxd4 Bg7 5. Nc3 Nc6 6. Be3 Nf6 7. Bc4 O-O 8. Bb3
a5 9. f3 d5 10. exd5 Nb4 11. Nde2 a4 12. Nxa4 Nfxd5 13. Bd2 Bf5 14. a3 Nc6 15.
O-O Nb6 16. Nac3 Ne5 17. Bf4 Nbc4 18. Qxd8 Rfxd8 19. Bxe5 Nxe5 20. Rad1 Nc6 21.
Rxd8+ Rxd8 22. g4 Bc8 23. Rd1 Rxd1+ 24. Nxd1 Nd4 25. Nxd4 Bxd4+ 26. Kg2 Kg7 27.
c3 Bb6 28. Bc2 Kf6 29. Nf2 Be3 30. b4 Be6 31. Nd1 Bd2 32. Nf2 Ke5 33. Ne4 Be3
34. a4 f5 35. gxf5 Bxf5 36. Bd3 b6 37. Kf1 Bxe4 38. Bxe4 Bd2 39. a5 bxa5 40. bxa5
Bxc3 41. a6 Bd4 42. Kg2 Kf4 43. h3 1/2-1/2

[Event "DRUZYNOWE MISTRZOSTWA POLSKI JUNIOROW - II LIGA"]
[Site "Szczyrk, CKiR Orle Gniazdo ul. Wrzosowa 28a"]
[Date "2014-07-30"]
[Round "8.38"]
[White "Kaminski, Piotr"]
[Black "Matlewski, Adam"]
[Result "0-1"]
[WhiteTitle "II+"]
[BlackTitle "I"]
[WhiteElo "1601"]
[BlackElo "1685"]

1. e4 c6 2. d4 d5 3. exd5 cxd5 4. Bd3 Nc6 5. c3 Nf6 6. Bf4 g6 7. Nf3 Bg7 8. h3
O-O 9. O-O Bf5 10. Bxf5 gxf5 11. Nbd2 e6 12. Re1 Kh8 13. Ne5 Ne4 14. Nxe4 fxe4
15. Qh5 Nxe5 16. dxe5 f6 17. Bh6 Qe7 18. Bxg7+ Qxg7 19. exf6 Rxf6 20. Re3 Rh6
21. Qe2 Rg6 22. g3 Rf8 23. Rd1 Qh6 24. Kg2 Rgf6 25. Rf1 Rg8 26. Qd2 Qg7 27. Qd4
h5 28. h4 Kh7 29. Kh2 Qf7 30. Qd2 Rg4 31. Qe2 Qc7 32. Kh3 Qe5 33. Rd1 Qf5 34.
Kg2 Rfg6 35. Kh2 Rg7 36. Rf1 Qg6 37. Kh3 e5 38. Rd1 Qe6 39. Kh2 Qg6 40. Kh3 Qf5
41. Kh2 Rf4 42. Rf1 Rf3 43. Qd2 Rgxg3 44. fxg3 Rxf1 45. Kg2 Rf3 46. Rxf3 Qxf3+
47. Kh2 e3 48. Qd3+ Kg7 49. Qb5 e2 50. Qd7+ Qf7 0-1

[Event "DRUZYNOWE MISTRZOSTWA POLSKI JUNIOROW - II LIGA"]
[Site "Szczyrk, CKiR Orle Gniazdo ul. Wrzosowa 28a"]
[Date "2014-07-30"]
[Round "8.39"]
[White "Leskiewicz, Ignacy"]
[Black "Mietkiewicz, Jacek"]
[Result "1-0"]
[WhiteTitle "I"]
[BlackTitle "II+"]
[WhiteElo "1683"]
[BlackElo "1564"]

1. e4 e6 2. d4 d5 3. Nd2 Nf6 4. e5 Nfd7 5. c3 c5 6. Bd3 Nc6 7. Ne2 Qb6 8. Nf3 Be7
9. h4 cxd4 10. cxd4 Nb4 11. Bb1 a5 12. O-O Qd8 13. a3 Nc6 14. g3 b6 15. Kg2 Ba6
16. Rh1 f6 17. Nf4 Nf8 18. exf6 Bxf6 19. Re1 Kf7 20. Ng5+ Bxg5 21. hxg5 g6 22.
Qf3 Nxd4 23. Qc3 Nf5 24. Qxh8 Ng7 25. b4 d4 26. Be4 Rb8 27. Rh1 Qc7 28. Rxh7 Nxh7
29. Bxg6+ 1-0

[Event "DRUZYNOWE MISTRZOSTWA POLSKI JUNIOROW - II LIGA"]
[Site "Szczyrk, CKiR Orle Gniazdo ul. Wrzosowa 28a"]
[Date "2014-07-30"]
[Round "8.40"]
[White "Kukorowski, Jan"]
[Black "Krol, Marcin"]
[Result "0-1"]
[WhiteTitle "II"]
[BlackTitle "II+"]
[WhiteElo "1359"]
[BlackElo "1595"]

1. e4 e5 2. Nf3 Nf6 3. Nc3 Nc6 4. Bc4 Be7 5. O-O O-O 6. d3 d6 7. h3 Be6 8. Bb3
Nd7 9. Nh2 Nc5 10. Bd5 Qd7 11. f4 exf4 12. Bxf4 Bf6 13. Bxe6 fxe6 14. Ng4 Bd4+
15. Be3 Rxf1+ 16. Qxf1 Bxe3+ 17. Nxe3 Rf8 18. Qe2 Nd4 19. Qd2 Qe7 20. Ne2 Qf6
21. Nc3 Qg5 22. Qc1 Qg3 23. Ng4 h5 24. Qe3 Nf3+ 25. Kh1 hxg4 26. gxf3 Qxh3+ 27.
Kg1 gxf3 28. Qf2 Rf6 29. Qh2 f2+ 0-1

[Event "DRUZYNOWE MISTRZOSTWA POLSKI JUNIOROW - II LIGA"]
[Site "Szczyrk, CKiR Orle Gniazdo ul. Wrzosowa 28a"]
[Date "2014-07-30"]
[Round "8.41"]
[White "Momot, Weronika"]
[Black "Wilk, Oktawia"]
[Result "0-1"]
[WhiteTitle "I"]
[BlackTitle "I+"]
[WhiteElo "1479"]
[BlackElo "1662"]

1. c4 e6 2. g3 d5 3. Bg2 Nf6 4. Nf3 c5 5. O-O Nc6 6. cxd5 exd5 7. d4 Be6 8. Nc3
a6 9. Re1 Be7 10. Bf4 O-O 11. Ne5 Nxd4 12. e4 dxe4 13. Nxe4 Nxe4 14. Bxe4 Bd5
15. Bb1 Bf6 16. Be4 Re8 17. Qh5 g6 18. Nxf7 Bxf7 19. Qxc5 Ne6 20. Qc1 Nxf4 21.
Qxf4 Bxb2 22. Rab1 Be5 23. Qh6 Bg7 24. Qf4 Bxa2 25. Rxb7 Rb8 26. Ra7 Rf8 27. Qe3
Bd4 28. Qa3 Bxf2+ 29. Kg2 Bd5 30. Bxd5+ Qxd5+ 31. Kh3 Bxa7 32. Qc1 Qh5+ 33. Kg2
Rf2+ 0-1

[Event "DRUZYNOWE MISTRZOSTWA POLSKI JUNIOROW - II LIGA"]
[Site "Szczyrk, CKiR Orle Gniazdo ul. Wrzosowa 28a"]
[Date "2014-07-30"]
[Round "8.42"]
[White "Szelag, Zuzanna"]
[Black "Waligora, Julia"]
[Result "1-0"]
[WhiteTitle "I"]
[BlackTitle "II+"]
[WhiteElo "1483"]
[BlackElo "1271"]

1. e4 e6 2. d4 d5 3. Nc3 Bb4 4. e5 c5 5. Bd2 Ne7 6. Nb5 Bxd2+ 7. Qxd2 Nf5 8. dxc5
Nc6 9. f4 O-O 10. Nf3 Qe7 11. Qf2 f6 12. g4 Nh6 13. Qg2 Nf7 14. Qe2 fxe5 15. fxe5
Ng5 16. Nfd4 Nxd4 17. Nxd4 Qxc5 18. O-O-O Ne4 19. Rg1 Rf2 20. Qe3 Bd7 21. Bd3
Rxh2 22. Bxe4 dxe4 23. Qxe4 Rc8 24. Rh1 Rxh1 25. Rxh1 g6 26. Rf1 Bc6 27. Qd3 Qxe5
28. Qb3 Bd5 29. Qb4 Qg5+ 30. Kb1 Bc4 31. Re1 Qxg4 32. Qxb7 e5 33. Nc6 e4 34. Ne7+
Kf8 35. Qxc8+ Qxc8 36. Nxc8 Bd5 37. Nxa7 g5 38. Rg1 h6 39. Nb5 Kf7 40. Nc3 Bb7
41. Kc1 Kf6 42. Kd2 h5 43. Ke3 Kf5 44. Ne2 h4 45. Rh1 Kg4 46. a4 h3 47. Ng1 Kg3
48. Rxh3+ Kg2 49. Rh7 g4 50. Rxb7 Kxg1 51. Rg7 Kg2 52. Rxg4+ Kh3 53. Rg8 1-0

[Event "DRUZYNOWE MISTRZOSTWA POLSKI JUNIOROW - II LIGA"]
[Site "Szczyrk, CKiR Orle Gniazdo ul. Wrzosowa 28a"]
[Date "2014-07-30"]
[Round "8.43"]
[White "Drabek, Jan"]
[Black "Ziabek, Patryk"]
[Result "0-1"]
[WhiteTitle "I"]
[BlackTitle "I"]
[WhiteElo "1632"]
[BlackElo "1896"]

1. e4 Nf6 2. e5 Nd5 3. d4 d6 4. exd6 cxd6 5. Nf3 g6 6. c4 Nb6 7. Nc3 Bg7 8. Be3
O-O 9. Be2 Nc6 10. O-O Bg4 11. c5 Bxf3 12. Bxf3 Nc4 13. cxd6 Qxd6 14. Qe2 Nxe3
15. fxe3 a6 16. Kh1 Rac8 17. Rac1 e5 18. d5 Na5 19. e4 Bh6 20. Rc2 Nc4 21. Nd1
b5 22. Bg4 Rc7 23. b3 Nb6 24. Rxc7 Qxc7 25. Rf6 Qd8 26. Qf2 Nc8 27. Bxc8 Qxc8
28. Rc6 Qg4 29. Qf3 Qg5 30. d6 f5 31. h3 fxe4 32. Qe2 Qg3 33. Rc3 e3 34. Rxe3
Bxe3 35. Nxe3 e4 36. Qd2 Qe5 37. Ng4 Rf1# 0-1

[Event "DRUZYNOWE MISTRZOSTWA POLSKI JUNIOROW - II LIGA"]
[Site "Szczyrk, CKiR Orle Gniazdo ul. Wrzosowa 28a"]
[Date "2014-07-30"]
[Round "8.44"]
[White "Bazant, Tomasz"]
[Black "Mrozowski, Patryk"]
[Result "0-1"]
[WhiteTitle "II"]
[BlackTitle "I"]
[WhiteElo "1545"]
[BlackElo "1795"]

1. e4 c5 2. c3 Nf6 3. e5 Nd5 4. d4 e6 5. Nf3 Nb6 6. Bg5 Qc7 7. Nbd2 d5 8. a3 c4
9. a4 Nc6 10. a5 Nd7 11. b4 f6 12. exf6 Nxf6 13. b5 Nd8 14. Ne5 Nf7 15. Bf4 Nxe5
16. Bxe5 Bd6 17. Bxf6 gxf6 18. Be2 Qg7 19. Bh5+ Ke7 20. O-O Bd7 21. Rb1 Rag8 22.
Qf3 Qg5 23. Rfd1 Rg7 24. g3 Qh6 25. Qe2 Rhg8 26. Bf3 Kd8 27. Nxc4 dxc4 28. Bxb7
f5 29. b6 axb6 30. axb6 Ba4 31. Bg2 Bxd1 32. Qxd1 Ke7 33. b7 f4 34. Qf3 fxg3 35.
hxg3 Rb8 36. Qc6 Rxg3 37. fxg3 Qe3+ 38. Kh1 Qxg3 39. Kg1 Rf8 40. Qxd6+ Qxd6 41.
d5 e5 42. Re1 Rb8 43. Rb1 Rg8 44. Re1 Qxd5 45. Re2 Qxb7 46. Rxe5+ Kf6 47. Re2
Rxg2+ 48. Rxg2 Qxg2+ 49. Kxg2 Ke5 50. Kf3 h5 51. Ke3 h4 52. Kf3 h3 53. Kg3 Ke4
54. Kxh3 Kd3 55. Kg3 Kxc3 0-1

[Event "DRUZYNOWE MISTRZOSTWA POLSKI JUNIOROW - II LIGA"]
[Site "Szczyrk, CKiR Orle Gniazdo ul. Wrzosowa 28a"]
[Date "2014-07-30"]
[Round "8.45"]
[White "Jaszczuk, Mateusz"]
[Black "Janiszewski, Filip"]
[Result "0-1"]
[WhiteTitle "II"]
[BlackTitle "I"]
[WhiteElo "1426"]
[BlackElo "1825"]

1. c4 e5 2. Nc3 d6 3. g3 f5 4. Bg2 Nf6 5. d3 g6 6. Nf3 Bg7 7. O-O O-O 8. Rb1 a5
9. a3 Nc6 10. Qc2 h6 11. b4 axb4 12. axb4 g5 13. b5 Ne7 14. Bb2 Qe8 15. Ra1 Rb8
16. Nd2 h5 17. Ra7 h4 18. Nf3 hxg3 19. fxg3 Qh5 20. Qc1 Bh6 21. Qe1 g4 22. Nd2
Be3+ 23. Kh1 Bxa7 24. Ba1 Kg7 25. Nd1 Rh8 26. Nf2 Qxh2# 0-1

[Event "DRUZYNOWE MISTRZOSTWA POLSKI JUNIOROW - II LIGA"]
[Site "Szczyrk, CKiR Orle Gniazdo ul. Wrzosowa 28a"]
[Date "2014-07-30"]
[Round "8.46"]
[White "Dixa, Oskar"]
[Black "Guzik, Kacper"]
[Result "1/2-1/2"]
[WhiteTitle "I"]
[BlackTitle "II"]
[WhiteElo "1496"]
[BlackElo "1146"]

1. e4 c5 2. Nf3 e6 3. d4 cxd4 4. Nxd4 a6 5. c4 Nf6 6. Bd3 Qc7 7. Nc3 Bb4 8. Bd2
Nc6 9. Nc2 Ba5 10. O-O Ne5 11. Bf4 Bxc3 12. bxc3 Qc5 13. Qe2 b6 14. Be3 Qa5 15.
a4 Qxc3 16. Ra3 Qa5 17. Rb1 Nxd3 18. Qxd3 Qe5 19. f3 O-O 20. Rxb6 d5 21. cxd5
exd5 22. Bd4 dxe4 23. Bxe5 exd3 24. Rxd3 Bf5 25. Rd2 Bxc2 26. Rxc2 Nd5 27. Rd6
Rfd8 28. Rxd8+ Rxd8 29. Rd2 f6 30. Bb2 Kf7 31. Kf2 Ke6 32. f4 Kf5 33. Kf3 h5 34.
h4 Rd7 35. Ba3 Nb6 36. Rxd7 Nxd7 37. a5 Nb8 38. Bb2 Nc6 39. Bc3 Ne7 40. Bb4 Nd5
41. Bd2 g6 42. g3 Ne7 43. Bb4 Nc6 44. Bc3 Ne7 45. Bb4 Nd5 1/2-1/2

[Event "DRUZYNOWE MISTRZOSTWA POLSKI JUNIOROW - II LIGA"]
[Site "Szczyrk, CKiR Orle Gniazdo ul. Wrzosowa 28a"]
[Date "2014-07-30"]
[Round "8.48"]
[White "Wawrzyniak, Weronika"]
[Black "Winter, Anna"]
[Result "1/2-1/2"]
[WhiteTitle "II"]
[BlackTitle "II+"]
[WhiteElo "1216"]
[BlackElo "1340"]

1. e4 d5 2. exd5 Qxd5 3. Nc3 Qd6 4. d4 Nf6 5. Nf3 c6 6. Ne5 Bf5 7. Nc4 Qc7 8. Bd3
Bg6 9. Be3 e6 10. a3 Be7 11. O-O Nbd7 12. Qe2 O-O 13. Rae1 Nd5 14. Nxd5 cxd5 15.
Nd2 Rac8 16. c3 Bxd3 17. Qxd3 Nb6 18. f4 Nc4 19. Nxc4 Qxc4 20. Qxc4 dxc4 21. f5
exf5 22. Rxf5 Bf6 23. Bf2 b6 24. d5 Rfd8 25. Rd1 Rc7 26. d6 Rcd7 27. Rfd5 Kf8
28. Bg3 Re8 29. Kf1 Re6 30. Rb5 Re8 31. Re1 g5 32. Rf5 Bd8 33. Rd5 h5 34. Be5
f6 35. Bd4 Rxe1+ 36. Kxe1 Kf7 37. b3 cxb3 38. Rb5 Rxd6 39. Rxb3 Re6+ 40. Kf2 Bc7
41. h3 h4 42. a4 Bg3+ 43. Kf3 Be5 44. Bf2 Rc6 45. Bd4 Bxd4 46. cxd4 Rc4 47. a5
bxa5 48. Rb7+ Kg6 49. Rxa7 Rxd4 50. Rxa5 Rd3+ 51. Ke4 Rg3 52. Ra2 f5+ 53. Ke5
Re3+ 54. Kd4 Re6 55. Rf2 g4 56. hxg4 fxg4 57. Rf4 Kg5 58. Re4 Rxe4+ 59. Kxe4 h3
60. gxh3 gxh3 61. Kf3 Kh4 62. Kf2 Kg4 63. Kg1 Kg3 64. Kh1 h2 1/2-1/2

[Event "DRUZYNOWE MISTRZOSTWA POLSKI JUNIOROW - II LIGA"]
[Site "Szczyrk, CKiR Orle Gniazdo ul. Wrzosowa 28a"]
[Date "2014-07-30"]
[Round "8.49"]
[White "Janulek, Dawid"]
[Black "Osinski, Emil"]
[Result "1/2-1/2"]
[WhiteTitle "I"]
[BlackTitle "I"]
[WhiteElo "1878"]
[BlackElo "1937"]

1. e4 c5 2. Nf3 Nc6 3. d4 cxd4 4. Nxd4 g6 5. c4 Bg7 6. Nc2 Nf6 7. Nc3 O-O 8. Be2
d6 9. Bd2 a6 10. O-O Bd7 11. Rc1 Ne8 12. b3 Nc7 13. Nd5 Nxd5 14. exd5 Nd4 15.
Nxd4 Bxd4 16. Bh6 Bg7 17. Bxg7 Kxg7 18. Qd4+ Kg8 19. Bg4 Bxg4 20. Qxg4 b5 21.
Rfe1 Ra7 22. Qd4 Qd7 23. c5 dxc5 24. Qxc5 Rd8 25. h3 Rb7 26. Red1 Qd6 27. a4 Qxc5
28. Rxc5 Rd6 29. Rdc1 bxa4 30. bxa4 Rb4 31. Ra5 Kg7 32. Rc6 Rb6 33. Rac5 Kf6 34.
Kh2 e6 35. Rxb6 Rxb6 36. dxe6 Rxe6 37. Kg3 Rd6 38. h4 h6 39. f3 Kg7 40. Re5 Rd4
1/2-1/2

[Event "DRUZYNOWE MISTRZOSTWA POLSKI JUNIOROW - II LIGA"]
[Site "Szczyrk, CKiR Orle Gniazdo ul. Wrzosowa 28a"]
[Date "2014-07-30"]
[Round "8.50"]
[White "Wolniaczyk, Bartosz"]
[Black "Piela, Dominik"]
[Result "1-0"]
[WhiteTitle "II"]
[BlackTitle "II+"]
[WhiteElo "1581"]
[BlackElo "1565"]

1. e4 e6 2. d4 d5 3. Nc3 Bb4 4. exd5 exd5 5. a3 Ba5 6. b4 Bb6 7. Nf3 Ne7 8. Bd3
h6 9. O-O O-O 10. Nxd5 Nxd5 11. c4 c6 12. cxd5 Qxd5 13. Qc2 Be6 14. Re1 Nd7 15.
Bf4 Nf6 16. Be5 Qd8 17. Rad1 Bd5 18. h3 Re8 19. Re3 Nd7 20. Rde1 Be6 21. Bh7+
Kh8 22. Bf5 Nf8 23. Bxe6 Nxe6 24. Qf5 Qd7 25. Bxg7+ Kxg7 26. Ne5 Qe7 27. Rg3+
Ng5 28. h4 Qf6 29. Qxf6+ Kxf6 30. hxg5+ hxg5 31. Rf3+ Kg7 32. Rxf7+ Kg8 33. Rf5
Bxd4 34. Rxg5+ Kh7 35. Re4 Bxf2+ 36. Kxf2 Re6 37. Rh4+ Rh6 38. Rxh6+ Kxh6 39.
Nf3 b6 40. Re5 Kg7 41. Re7+ Kf6 42. Rc7 Kf5 43. Rxc6 Ke4 44. Rc7 a5 45. Rb7 axb4
46. axb4 1-0

[Event "DRUZYNOWE MISTRZOSTWA POLSKI JUNIOROW - II LIGA"]
[Site "Szczyrk, CKiR Orle Gniazdo ul. Wrzosowa 28a"]
[Date "2014-07-30"]
[Round "8.51"]
[White "Klepek, Witold"]
[Black "Guzik, Natalia"]
[Result "0-1"]
[WhiteTitle "I"]
[BlackTitle "I+"]
[WhiteElo "1892"]
[BlackElo "1539"]

1. e4 c5 2. Nf3 Nc6 3. d4 cxd4 4. Nxd4 g6 5. c4 Bg7 6. Be3 Nf6 7. Nc3 Ng4 8. Qxg4
Nxd4 9. Qd1 e5 10. g3 d6 11. Bg2 O-O 12. O-O Be6 13. b3 Qd7 14. Rc1 f5 15. exf5
Bxf5 16. Nd5 Bh3 17. f4 Bg4 18. Qd2 Ne2+ 19. Kh1 Nxc1 20. Rxc1 Rf7 21. Nc3 exf4
22. Bxf4 Be5 23. Ne4 Bxf4 24. gxf4 Raf8 25. Ng5 Rxf4 26. h3 Bf3 27. Bxf3 Rxf3
28. Qd5+ R3f7 29. Rd1 Qf5 30. Nxf7 Qxh3+ 31. Kg1 Qg3+ 32. Kh1 Rxf7 33. Qxd6 Rf1+
0-1